Normal view
MARC view
- Geografía económica
Entry Materia
001 - NÚMERO DE CONTROL DEL REGISTRO
- campo de control: 16257
003 - IDENTIFICADOR DE NUMERO DE CONTROL
- campo de control: UPN
005 - FECHA Y HORA DE LA ÚLTIMA TRANSACCIÓN
- campo de control: 20220729112522.0
008 - DATOS DE LONGITUD FIJA
- campo de control de longitud fija: 220729n||acnnnbabn a ana |d
035 ## - NÚMERO DE CONTROL DEL SISTEMA
- Número de control del sistema: UPN10000016265
040 ## - FUENTE DE LA CATALOGACIÓN
- Centro catalogador de origen: UPN
- Lengua de catalogación: spa
- Agencia de transcripción: UPN
046 ## - FECHAS CON CODIFICACIÓN ESPECIAL
- Fecha final para contenidos agregados: 2022
053 #4 - NÚMERO CLASIFICADOR - BIBLIOTECA DEL CONGRESO (LC)
- Elemento numérico de la clasificación - Número único o no. inicial del rango: HF1025
150 ## - ENCABEZAMIENTO - TEMÁTICO
- Término de materia o nombre geográfico como elemento inicial: Geografía económica
670 ## - FUENTE EN LA QUE SE LOCALIZARON DATOS
- Cita de la fuente: E
680 ## - NOTA GENERAL CON DESPLIEGUE PÚBLICO
- Texto explicativo: Aquí se asientan las obras que tratan en conjunto de los recursos naturales, el comercio y la industria de algunos, o de todos los paises del mundo. Cuando tratan de un sólo país se asientan bajo el nombre de éste con la subdivisión
- Encabezamiento: CONDICIONES ECONOMICAS.
- Encabezamiento: Confróntese la nota bajo:
- Encabezamiento: GEOGRAFIA COMERCIAL
902 ## - CATALOGADOR
- Catalogador: BEC/250796
